| 000 | 00695nam a22001937a 4500 | ||
|---|---|---|---|
| 005 | 20250325055336.0 | ||
| 008 | 250325b |||||||| |||| 00| 0 eng d | ||
| 020 | _a9781484271889 | ||
| 040 | _cAIMIT LIBRARY | ||
| 082 |
_21 _a005.1372 _bYUDA |
||
| 100 |
_aYudin, Art. _9206829 |
||
| 245 |
_aBasic python for data management finance and marketing : _badvance your career by learning the most powerful analytical tool / _cBy Art Yudin. |
||
| 250 | _a1st ed. | ||
| 260 |
_aNew York : _bApress ; _c2025. |
||
| 300 |
_axi,320p. ; _bPB _c23 cm. |
||
| 650 |
_aWriting your own python scripts _9206830 |
||
| 650 |
_aEssential tasks done with python _9206831 |
||
| 942 |
_2ddc _cBK _e1st ed. _k005.1372 YUDA |
||
| 999 |
_c233995 _d233995 |
||